[Event "Joao Pessoa op"]
[Site "Joao Pessoa"]
[Date "2023.03.19"]
[Round "5"]
[White "Da Silva, Arthur Moura Viera"]
[Black "Da Silva, Camila Evaristo"]
[Result "1-0"]
[WhiteElo "1963"]
[BlackElo "1711"]
[PlyCount "105"]
[EventDate "2023.03.17"]
[EventType "swiss"]
[EventRounds "6"]
[EventCountry "BRA"]
[SourceTitle "EXT 2024"]
[Source "ChessBase"]
[SourceDate "2023.10.10"]
[SourceVersion "1"]
[SourceVersionDate "2023.10.10"]
[SourceQuality "1"]

1. e4 e5 2. Nf3 Nf6 3. Nxe5 d6 4. Nf3 Nxe4 5. Nc3 Nxc3 6. dxc3 Be7 7. Be3 Nc6 8. Qd2 Be6 9. Bd3 h6 10. 0-0-0 a5 11. Kb1 a4 12. a3 0-0 13. Bxh6 Ne5 14. Nxe5 dxe5 15. Qe3 Qc8 16. Qg3 Bf6 17. h4 Bf5 18. h5 Kh7 19. Bg5 Qe6 20. Rhe1 Rfb8 21. Bxf6 gxf6 22. Qh3 e4 23. Qxf5+ Qxf5 24. Bxe4 Qxe4 25. Rxe4 Re8 26. Rde1 Rxe4 27. Rxe4 Kg7 28. Re7 Rc8 29. Kc1 Kf8 30. Re4 b5 31. Rf4 Kg7 32. Rf5 c6 33. c4 Rb8 34. cxb5 cxb5 35. c3 Rb6 36. Kd2 Rd6+ 37. Ke3 Re6+ 38. Kf3 Rb6 39. g4 Rb8 40. Kf4 Rb6 41. f3 Kh6 42. Ke4 Kg7 43. Kd5 Re6 44. Kd4 Rd6+ 45. Kc5 Re6 46. Kxb5 Re2 47. Kxa4 Rxb2 48. c4 Rb8 49. Rb5 Re8 50. c5 Rc8 51. Kb4 Re8 52. c6 Kg8 53. c7 1-0

[Event "Recife Tavares Memorial 2nd"]
[Site "Recife"]
[Date "2019.05.10"]
[Round "2"]
[White "Da Silva, Arthur Moura Viera"]
[Black "Jordao Barbosa, Marcio Ferre"]
[Result "1-0"]
[WhiteElo "1991"]
[BlackElo "2123"]
[PlyCount "90"]
[EventDate "2019.05.10"]
[EventType "swiss"]
[EventRounds "6"]
[EventCountry "BRA"]
[SourceTitle "CBM 190 Extra"]
[Source "ChessBase"]
[SourceDate "2019.07.15"]
[SourceVersion "1"]
[SourceVersionDate "2019.07.15"]
[SourceQuality "1"]

1. e4 e6 2. d3 d5 3. Nd2 e5 4. Ngf3 Nc6 5. g3 Nf6 6. Bg2 Be7 7. 0-0 0-0 8. c3 Re8 9. Re1 Bf8 10. exd5 Nxd5 11. Nc4 f6 12. Qb3 Kh8 13. Ncxe5 fxe5 14. Ng5 Qf6 15. Bxd5 Nd8 16. d4 Bf5 17. f4 e4 18. Bd2 e3 19. Rxe3 Rxe3 20. Bxe3 h6 21. Nf3 c6 22. Bc4 b5 23. Bf1 Be6 24. Qc2 Bd6 25. Ne5 Rc8 26. Bd3 Nf7 27. a4 b4 28. c4 Nd8 29. Re1 Rc7 30. f5 Bg8 31. Bf4 Kh7 32. Qf2 Re7 33. Kg2 h5 34. Bg5 Qxg5 35. f6+ Kh6 36. fxe7 Bxe7 37. h4 Qf6 38. Qe3+ g5 39. hxg5+ Qxg5 40. Qxg5+ Kxg5 41. Nf3+ Kf6 42. b3 Be6 43. Ne5 Kg5 44. Nxc6 Nxc6 45. Rxe6 Nxd4 1-0

[Event "Recife Rafael Cabral Cup 6th"]
[Site "Recife"]
[Date "2018.09.28"]
[Round "2"]
[White "Da Silva, Arthur Moura Viera"]
[Black "Lima, Luiz Alexandre de S"]
[Result "1-0"]
[WhiteElo "2031"]
[BlackElo "1856"]
[PlyCount "67"]
[EventDate "2018.09.28"]
[EventType "swiss"]
[EventRounds "6"]
[EventCountry "BRA"]
[SourceTitle "EXT 2020"]
[Source "ChessBase"]
[SourceDate "2019.10.17"]
[SourceVersion "1"]
[SourceVersionDate "2019.10.17"]
[SourceQuality "1"]

1. Nf3 d6 2. d4 Nf6 3. c4 Nbd7 4. g3 c6 5. Bg2 e5 6. Nc3 Be7 7. 0-0 0-0 8. e4 Qc7 9. h3 h6 10. Be3 a6 11. Rc1 Rb8 12. Qe2 Qd8 13. Rfd1 Qa5 14. Nh4 Re8 15. Nf5 Bf8 16. dxe5 dxe5 17. Ba7 Ra8 18. Be3 Rb8 19. Nd6 Bxd6 20. Rxd6 Qd8 21. Rcd1 Qe7 22. c5 Nf8 23. f4 Ng6 24. f5 Nf8 25. g4 N8h7 26. h4 Nd7 27. Qf2 Kh8 28. Qg3 Ndf8 29. g5 hxg5 30. hxg5 f6 31. g6 Ng5 32. Bf1 b5 33. cxb6 Nd7 34. Qh4+ 1-0

[Event "Recife Araujo Cup 5th"]
[Site "Recife"]
[Date "2018.05.05"]
[Round "4"]
[White "De Melo Braga, Pamella Vittoria"]
[Black "Da Silva, Arthur Moura Viera"]
[Result "0-1"]
[WhiteElo "1555"]
[BlackElo "2072"]
[PlyCount "46"]
[EventDate "2018.05.04"]
[EventType "swiss"]
[EventRounds "6"]
[EventCountry "BRA"]
[SourceTitle "CBM 184 Extra"]
[Source "ChessBase"]
[SourceDate "2018.06.28"]
[SourceVersion "1"]
[SourceVersionDate "2018.06.28"]
[SourceQuality "1"]

1. d4 Nf6 2. c4 g6 3. Nc3 d5 4. Nf3 Bg7 5. Bg5 Ne4 6. e3 Nxg5 7. Nxg5 0-0 8. Bd3 e5 9. Nh3 exd4 10. Nxd5 Bxh3 11. gxh3 c6 12. Nf4 dxe3 13. fxe3 Qh4+ 14. Kf1 Na6 15. Qg4 Qe7 16. Qe2 Nc5 17. Rb1 Rae8 18. Kf2 Qh4+ 19. Kf3 Bh6 20. Qf2 Qxf2+ 21. Kxf2 Bxf4 22. exf4 Nxd3+ 23. Kf3 f5 0-1

[Event "Recife Araujo Cup 5th"]
[Site "Recife"]
[Date "2018.05.04"]
[Round "1"]
[White "Da Silva, Arthur Moura Viera"]
[Black "De Macedo, Matheus Brandao Ten"]
[Result "1/2-1/2"]
[WhiteElo "2072"]
[BlackElo "1538"]
[PlyCount "110"]
[EventDate "2018.05.04"]
[EventType "swiss"]
[EventRounds "6"]
[EventCountry "BRA"]
[SourceTitle "CBM 184 Extra"]
[Source "ChessBase"]
[SourceDate "2018.06.28"]
[SourceVersion "1"]
[SourceVersionDate "2018.06.28"]
[SourceQuality "1"]

1. d4 Nf6 2. c4 g6 3. Nc3 Bg7 4. e4 d6 5. Be2 0-0 6. Nf3 e5 7. 0-0 Nc6 8. d5 Ne7 9. Ne1 Nd7 10. Nd3 f5 11. Bd2 f4 12. Bg4 Nf6 13. Bxc8 Rxc8 14. f3 g5 15. c5 h5 16. h3 Qe8 17. cxd6 cxd6 18. Nf2 a6 19. Qb3 Rc7 20. Rac1 Qd7 21. Na4 Rxc1 22. Rxc1 b5 23. Nc3 g4 24. Ne2 Rc8 25. Ba5 Rxc1+ 26. Nxc1 Qa7 27. Kf1 g3 28. Nd1 Nd7 29. Nd3 Nc5 30. Nxc5 Qxc5 31. Qc3 Nc8 32. Bb4 Qxc3 33. Nxc3 Kf7 34. Ba5 Ke8 35. a3 Bf6 36. Na2 Bd8 37. Bxd8 Kxd8 38. Nb4 Nb6 39. b3 Nd7 40. Ke2 Nb8 41. a4 a5 42. Nd3 b4 43. Nb2 Na6 44. Nc4 Nc5 45. Nxa5 Kc7 46. Kd2 Nxe4+ 47. Ke1 Nc3 48. Nc4 Nxd5 49. Ke2 Nb6 50. Nb2 Nd5 51. Nc4 Kc6 52. Kd3 Kc5 53. Ke4 Nc3+ 54. Kd3 Nd1 55. h4 Nf2+ 1/2-1/2

[Event "BRA-ch sf Reg2 83rd"]
[Site "Natal"]
[Date "2016.11.15"]
[Round "7"]
[White "Hiramine, Ricardo Hiroshi Fer"]
[Black "Da Silva, Arthur Moura Viera"]
[Result "0-1"]
[WhiteElo "1984"]
[BlackElo "2029"]
[PlyCount "58"]
[EventDate "2016.11.12"]
[EventType "swiss"]
[EventRounds "7"]
[EventCountry "BRA"]
[SourceTitle "EXT 2018"]
[Source "ChessBase"]
[SourceDate "2017.10.13"]
[SourceVersion "1"]
[SourceVersionDate "2017.10.13"]
[SourceQuality "1"]

1. d4 Nf6 2. c4 e6 3. Nc3 Bb4 4. e3 c5 5. Bd3 b6 6. Nge2 Bb7 7. a3 Ba5 8. Bd2 0-0 9. Qc2 d5 10. 0-0-0 Nc6 11. cxd5 exd5 12. dxc5 bxc5 13. Na4 c4 14. Bf5 g6 15. Bh3 Bxd2+ 16. Kxd2 Ne4+ 17. Ke1 Ne5 18. Nc1 Qf6 19. Nc3 Ng5 20. Nxd5 Bxd5 21. Rxd5 Nxh3 22. gxh3 Qf3 23. Rxe5 Qxh1+ 24. Ke2 Qxh2 25. Re4 Qxh3 26. Rxc4 Rac8 27. b3 Rxc4 28. bxc4 Rc8 29. c5 Qh5+ 0-1

[Event "BRA-ch sf Reg2 83rd"]
[Site "Natal"]
[Date "2016.11.13"]
[Round "4"]
[White "Da Silva, Arthur Moura Viera"]
[Black "De Lima, Alan Silva"]
[Result "1/2-1/2"]
[WhiteElo "2029"]
[BlackElo "2007"]
[PlyCount "86"]
[EventDate "2016.11.12"]
[EventType "swiss"]
[EventRounds "7"]
[EventCountry "BRA"]
[SourceTitle "EXT 2018"]
[Source "ChessBase"]
[SourceDate "2017.10.13"]
[SourceVersion "1"]
[SourceVersionDate "2017.10.13"]
[SourceQuality "1"]

1. Nf3 c5 2. e4 d6 3. d4 cxd4 4. Nxd4 Nf6 5. Nc3 g6 6. Be3 Bg7 7. f3 Nbd7 8. Qd2 h6 9. Be2 a6 10. 0-0 Qc7 11. Rac1 b5 12. Nd1 Ne5 13. b3 Bb7 14. Nb2 d5 15. c4 bxc4 16. exd5 Nxd5 17. Nxc4 Nxe3 18. Qxe3 Nxc4 19. Bxc4 Qb6 20. Nf5 Qxe3+ 21. Nxe3 Bd4 22. Kf2 0-0 23. Ke2 e6 24. Nc2 Bb6 25. Rfd1 Rfd8 26. Nb4 a5 27. Nd3 Rac8 28. Nf2 Rxd1 29. Rxd1 Rd8 30. Rxd8+ Bxd8 31. Nd3 Bb6 32. Kd2 Kf8 33. Kc3 Ke7 34. b4 Kd6 35. Bb5 g5 36. a3 f5 37. Nb2 axb4+ 38. axb4 Bd5 39. Nc4+ Bxc4 40. Kxc4 h5 41. h3 g4 42. hxg4 hxg4 43. fxg4 fxg4 1/2-1/2

[Event "BRA-ch sf Reg2 83rd"]
[Site "Natal"]
[Date "2016.11.13"]
[Round "3"]
[White "Souza Neves, Andrey Marcelo"]
[Black "Da Silva, Arthur Moura Viera"]
[Result "1/2-1/2"]
[WhiteElo "2200"]
[BlackElo "2029"]
[PlyCount "81"]
[EventDate "2016.11.12"]
[EventType "swiss"]
[EventRounds "7"]
[EventCountry "BRA"]
[SourceTitle "EXT 2018"]
[Source "ChessBase"]
[SourceDate "2017.10.13"]
[SourceVersion "1"]
[SourceVersionDate "2017.10.13"]
[SourceQuality "1"]

1. d4 d5 2. c4 c6 3. Nf3 Nf6 4. Nc3 e6 5. e3 Nbd7 6. Qc2 Bd6 7. Be2 0-0 8. 0-0 b6 9. e4 dxe4 10. Nxe4 Be7 11. b3 Bb7 12. Ng3 Qc7 13. Bb2 c5 14. d5 exd5 15. Nf5 Rfe8 16. cxd5 Bxd5 17. Rad1 Be4 18. Nxe7+ Rxe7 19. Qc3 Rd8 20. b4 Rc8 21. Rc1 Qf4 22. Rfe1 Bxf3 23. Bxf3 Rxe1+ 24. Qxe1 Re8 25. Qd1 Qxb4 26. Bc3 Qf4 27. g3 Qf5 28. Bc6 Qe6 29. Qa4 Rc8 30. Bb7 Rf8 31. Qxa7 b5 32. Bg2 b4 33. Bxf6 gxf6 34. Rd1 Ne5 35. Qxc5 Qxa2 36. Qxb4 Qe2 37. Re1 Nf3+ 38. Bxf3 Qxf3 39. Re3 Qd1+ 40. Kg2 Qd5+ 41. f3 1/2-1/2

[Event "BRA-ch sf Reg2 83rd"]
[Site "Natal"]
[Date "2016.11.12"]
[Round "2"]
[White "Macedo, Alexandre Soares"]
[Black "Da Silva, Arthur Moura Viera"]
[Result "0-1"]
[WhiteElo "1825"]
[BlackElo "2029"]
[PlyCount "90"]
[EventDate "2016.11.12"]
[EventType "swiss"]
[EventRounds "7"]
[EventCountry "BRA"]
[SourceTitle "EXT 2018"]
[Source "ChessBase"]
[SourceDate "2017.10.13"]
[SourceVersion "1"]
[SourceVersionDate "2017.10.13"]
[SourceQuality "1"]

1. b4 d5 2. Bb2 Nf6 3. e3 e6 4. a3 Nbd7 5. c4 c6 6. Nf3 a5 7. Qb3 Qb6 8. Nc3 axb4 9. Na4 Qa5 10. axb4 Qxb4 11. Qc2 dxc4 12. Bc3 Qb6 13. Rb1 Qc7 14. Bd4 b5 15. Nb2 e5 16. Bc3 b4 17. Bxc4 bxc3 18. Qxc3 Bd6 19. Ng5 0-0 20. Rc1 Ba6 21. Bxf7+ Rxf7 22. Nc4 Re7 23. 0-0 Nd5 24. Qc2 N7f6 25. e4 Nf4 26. Rfe1 Rf8 27. g3 Ng6 28. Nxd6 Qxd6 29. Qa2+ Kh8 30. Qxa6 Qxd2 31. Red1 Qxg5 32. Rxc6 Nxe4 33. Rc8 Ref7 34. Qa8 Rxc8 35. Qxc8+ Rf8 36. Qc2 Qf5 37. Rf1 Qf3 38. Qc6 Ng5 39. Qxf3 Nxf3+ 40. Kg2 h5 41. Ra1 Ng5 42. Ra5 Ne4 43. f4 exf4 44. Kf3 Nd2+ 45. Ke2 f3+ 0-1

[Event "Natal Potiguar op 11th"]
[Site "Natal"]
[Date "2015.08.08"]
[Round "3"]
[White "Da Silva, Arthur Moura Viera"]
[Black "Hiramine, Ricardo Hiroshi Fer"]
[Result "1/2-1/2"]
[WhiteElo "2012"]
[BlackElo "2026"]
[PlyCount "48"]
[EventDate "2015.08.07"]
[EventType "swiss"]
[EventRounds "5"]
[EventCountry "BRA"]
[SourceTitle "EXT 2016"]
[Source "ChessBase"]
[SourceDate "2015.10.08"]
[SourceVersion "1"]
[SourceVersionDate "2015.10.08"]
[SourceQuality "1"]

1. d4 d5 2. c4 e6 3. Nf3 Nf6 4. g3 Be7 5. Bg2 0-0 6. 0-0 c6 7. Qc2 Nbd7 8. Rd1 Re8 9. b3 Bd6 10. Bb2 Qe7 11. Ne5 Bxe5 12. dxe5 Ng4 13. Qc3 Qc5 14. Rd4 Ngxe5 15. b4 Qf8 16. Nd2 Nxc4 17. Nxc4 dxc4 18. Rad1 Nb6 19. b5 cxb5 20. Ba3 Na4 21. Qe3 b4 22. Rxc4 bxa3 23. Rxa4 Rd8 24. Rd3 Bd7 1/2-1/2

[Event "Natal Potiguar op 10th"]
[Site "Natal"]
[Date "2015.07.04"]
[Round "3"]
[White "Da Silva, Arthur Moura Viera"]
[Black "Marques, Dayvid Geverson Lop"]
[Result "1-0"]
[WhiteElo "2019"]
[BlackElo "1550"]
[PlyCount "37"]
[EventDate "2015.07.03"]
[EventType "swiss"]
[EventRounds "6"]
[EventCountry "BRA"]
[SourceTitle "CBM 167 Extra"]
[Source "ChessBase"]
[SourceDate "2015.09.14"]
[SourceVersion "1"]
[SourceVersionDate "2015.09.14"]
[SourceQuality "1"]

1. d4 c5 2. d5 Nf6 3. c4 g6 4. Nc3 d6 5. e4 Bg7 6. Bg5 Nbd7 7. Qd2 0-0 8. Be2 b6 9. f4 Ba6 10. Nf3 Qc7 11. 0-0 Bb7 12. Bd3 e6 13. dxe6 fxe6 14. Bc2 a6 15. Rad1 Ne8 16. Be7 Rf7 17. Bxd6 Qc8 18. Ng5 Bd4+ 19. Kh1 1-0

[Event "Recife Arraes Memorial 7th"]
[Site "Recife"]
[Date "2014.08.30"]
[Round "4"]
[White "Da Silva, Arthur Moura Viera"]
[Black "Brito, Luismar Jorge"]
[Result "0-1"]
[WhiteElo "2022"]
[BlackElo "2278"]
[PlyCount "98"]
[EventDate "2014.08.29"]
[EventType "swiss"]
[EventRounds "6"]
[EventCountry "BRA"]
[SourceTitle "EXT 2015"]
[Source "ChessBase"]
[SourceDate "2014.11.20"]
[SourceVersion "1"]
[SourceVersionDate "2014.11.20"]
[SourceQuality "1"]

1. e4 c5 2. Nf3 d6 3. d4 cxd4 4. Nxd4 Nf6 5. Nc3 a6 6. Be3 e5 7. Nb3 Be6 8. f3 h5 9. Qd2 Nbd7 10. f4 Rc8 11. Bd3 Be7 12. h3 b5 13. 0-0-0 Qc7 14. Kb1 Nb6 15. Qf2 Nc4 16. Bc1 b4 17. Nd5 Nxd5 18. exd5 Bxd5 19. Bf5 Be6 20. Bxe6 fxe6 21. fxe5 dxe5 22. Qg3 0-0 23. Qg6 Bf6 24. g4 Qf7 25. Qe4 Bd8 26. gxh5 Qf5 27. Qe2 Qf3 28. Rde1 Kh7 29. Nd2 Qxe2 30. Rxe2 Rf5 31. h6 gxh6 32. Ne4 Be7 33. b3 Nb6 34. Nf2 Nd5 35. Bb2 Rcf8 36. Ng4 Rf1+ 37. Re1 Rxh1 38. Rxh1 e4 39. Bd4 h5 40. Ne5 Bh4 41. Nc4 Bg3 42. Kc1 Rf3 43. Nd2 Bf4 44. Kd1 Bxd2 45. Kxd2 Kg6 46. Rg1+ Kf5 47. h4 e3+ 48. Ke1 Ke4 49. Bc5 Rh3 0-1

[Event "Recife Arraes Memorial 5th"]
[Site "Recife"]
[Date "2012.09.09"]
[Round "6"]
[White "Da Silva, Arthur Moura Viera"]
[Black "Bouwman, Marcelo Wanderley"]
[Result "0-1"]
[WhiteElo "2008"]
[BlackElo "2238"]
[PlyCount "52"]
[EventDate "2012.09.06"]
[EventType "swiss"]
[EventRounds "7"]
[EventCountry "BRA"]
[SourceTitle "EXT 2013"]
[Source "ChessBase"]
[SourceDate "2012.11.22"]
[SourceVersion "1"]
[SourceVersionDate "2012.11.22"]
[SourceQuality "1"]

1. e4 e6 2. d4 d5 3. Nc3 Bb4 4. Nge2 Nf6 5. e5 Nfd7 6. a3 Ba5 7. f4 Nc6 8. Be3 f6 9. g3 Bb6 10. Na4 0-0 11. Bh3 Qe7 12. 0-0 fxe5 13. Nxb6 Nxb6 14. dxe5 Nc4 15. Bc1 Bd7 16. Qd3 Be8 17. Nc3 Bg6 18. Qe2 Nd4 19. Qd1 Nxc2 20. Rf2 Nxa1 21. Nxd5 Qc5 22. Bxe6+ Kh8 23. b4 Qc6 24. f5 Rae8 25. fxg6 Qxe6 26. Nxc7 Qb6 0-1

[Event "Recife Arraes Memorial 5th"]
[Site "Recife"]
[Date "2012.09.07"]
[Round "2"]
[White "Da Silva, Arthur Moura Viera"]
[Black "Silva, Carolina Alves"]
[Result "1-0"]
[WhiteElo "2008"]
[BlackElo "1684"]
[PlyCount "65"]
[EventDate "2012.09.06"]
[EventType "swiss"]
[EventRounds "7"]
[EventCountry "BRA"]
[SourceTitle "EXT 2013"]
[Source "ChessBase"]
[SourceDate "2012.11.22"]
[SourceVersion "1"]
[SourceVersionDate "2012.11.22"]
[SourceQuality "1"]

1. e4 c5 2. Nf3 Nc6 3. d4 cxd4 4. Nxd4 e5 5. Nb5 d6 6. N1c3 a6 7. Na3 b5 8. Nd5 Nge7 9. Bg5 Bb7 10. c4 f6 11. Be3 Nxd5 12. exd5 Ne7 13. cxb5 Nxd5 14. bxa6 Nxe3 15. Qa4+ Kf7 16. fxe3 Qb6 17. Nc4 Qc7 18. Rc1 Ke7 19. Rc2 Rxa6 20. Nxe5 Qa5+ 21. Qxa5 Rxa5 22. Rc7+ Ke8 23. Nf7 Rg8 24. Rxb7 Be7 25. Bc4 d5 26. Bb3 Kxf7 27. e4 Rc8 28. 0-0 Rac5 29. exd5 Kf8 30. d6 Bxd6 31. Rf7+ Ke8 32. Re1+ Kd8 33. Ba4 1-0

[Event "Recife Arraes Memorial 5th"]
[Site "Recife"]
[Date "2012.09.07"]
[Round "3"]
[White "Pinheiro, Ghabriel Alves"]
[Black "Da Silva, Arthur Moura Viera"]
[Result "0-1"]
[WhiteElo "1851"]
[BlackElo "2008"]
[PlyCount "42"]
[EventDate "2012.09.06"]
[EventType "swiss"]
[EventRounds "7"]
[EventCountry "BRA"]
[SourceTitle "EXT 2013"]
[Source "ChessBase"]
[SourceDate "2012.11.22"]
[SourceVersion "1"]
[SourceVersionDate "2012.11.22"]
[SourceQuality "1"]

1. e4 c5 2. Nf3 e6 3. d4 cxd4 4. Nxd4 a6 5. Nc3 Qc7 6. Be3 Nf6 7. Be2 Bb4 8. Qd3 Nc6 9. 0-0 Ne5 10. Qd1 Bxc3 11. bxc3 Nxe4 12. Bd2 Nxc3 13. Bxc3 Qxc3 14. Nf5 exf5 15. Qd6 Kd8 16. Rfd1 Re8 17. f4 Nc6 18. Bh5 Qb4 19. Qd5 Kc7 20. c4 d6 21. Kf1 Be6 0-1